Radioanalytical Chemistry I. /

Gespeichert in:
Bibliographische Detailangaben
Hauptverfasser: Tölgyessy, Juraj (Verfasst von), Kyrš, Miroslav (Verfasst von)
Format: Buch
Sprache:Englisch
Veröffentlicht: Bratislava : Veda, 1989
Schriftenreihe:Ellis Horwood Series in ANALYTICAL CHEMISTRY
Tags: Tag hinzufügen
Keine Tags, Fügen Sie das erste Tag hinzu!

MARC

LEADER 00000nam a22000003a 4500
001 stu17380
005 20150617225758.9
008 910527s1989----cs------------------eng-d
020 |a 80-224-0009-2 
040 |a STU  |b slo 
041 0 |a eng 
044 |a cs 
080 |a 543.53 
100 1 |a Tölgyessy, Juraj  |4 aut 
245 1 |a Radioanalytical Chemistry I. /  |c [aut.]Tölgyessy,Juraj, Kyrš,Miroslav 
260 |a Bratislava :  |b Veda,  |c 1989 
300 |a 354 s :  |b Obr.,tab.,grafy,lit.,index 
700 1 |a Kyrš, Miroslav  |4 aut 
830 0 |a Ellis Horwood Series in ANALYTICAL CHEMISTRY 
996 |b C87953  |c C*87953  |l CCII  |s P  |a 0  |w stu17380_0001